Poesías de Paz de Borbón. (Record no. 152390)

MARC details
000 -LEADER
campo de control de longitud fija 00625nam a2200157 i 4500
001 - NÚMERO DE CONTROL
campo de control 152390
003 - IDENTIFICADOR DE NÚMERO DE CONTROL
campo de control ES-MaACL
005 - FECHA Y HORA DE LA ÚLTIMA TRANSACCIÓN
campo de control 20250811063146.0
008 - DATOS DE LONGITUD FIJA--INFORMACIÓN GENERAL
campo de control de longitud fija 931025s1883 sp |||| | spa d
100 1# - ENTRADA PRINCIPAL--NOMBRE DE PERSONA
Nombre de persona Borbón, Paz de,
Títulos y otros términos asociados al nombre Infanta de España,
Fechas asociadas al nombre 1862-1946
9 (RLIN) 126079
245 10 - MENCIÓN DEL TÍTULO
Título Poesías de Paz de Borbón.
260 ## - PUBLICACIÓN, DISTRIBUCIÓN, ETC.
Lugar de publicación, distribución, etc. Madrid :
Nombre del editor, distribuidor, etc. [s.n.],
Fecha de publicación, distribución, etc. 1883 (
Fabricante Suc. de Rivadeneyra)
300 ## - DESCRIPCIÓN FÍSICA
Extensión 35 p. ;
Dimensiones 23 cm.
852 ## - LOCALIZACIÓN
Ubicación ES-MaACL
Número de control de estantería T-930-F-3
Nota libre -- Enc. hol., conservando la cub. original
-- -- Enc. en un vol. facticio
-- .- Donat. Biblioteca de Palacio, con sello cambio-duplicado Real Biblioteca
Holdings
Estatus retirado Estado de pérdida Estado de daño No para préstamo Colección Biblioteca de origen Biblioteca actual Ubicación en estantería Fecha de adquisición Total de préstamos Signatura topográfica completa Código de barras Visto por última vez Precio de reemplazo Tipo de ítem Koha
        Colección de folletos Biblioteca del Ateneo de Madrid Biblioteca del Ateneo de Madrid Depósito folletos 17/01/2008   T-930-F-3 1159122 23/02/2023 23/02/2023 Folleto